Fr. Conceicao Rodrigues College of Engineering

Theory of Computer Science (Record no. 30820)

MARC details
000 -LEADER
fixed length control field 00340nam a2200157Ia 4500
082 ## - DEWEY DECIMAL CLASSIFICATION NUMBER
Classification number 4.1
Item number MIS
100 ## - MAIN ENTRY--PERSONAL NAME
Personal name Mishra/ Chandrasekaran
250 ## - EDITION STATEMENT
Edition statement 2
245 ## - TITLE STATEMENT
Title Theory of Computer Science
260 ## - PUBLICATION, DISTRIBUTION, ETC.
Name of publisher, distributor, etc. Prentice Hall of India
Date of publication, distribution, etc. 2004
300 ## - PHYSICAL DESCRIPTION
Extent 304
546 ## - LANGUAGE NOTE
Language note ENGLISH
654 ## - SUBJECT ADDED ENTRY--FACETED TOPICAL TERMS
Focus term computer science
942 ## - ADDED ENTRY ELEMENTS (KOHA)
Koha item type BOOK
Holdings
Withdrawn status Lost status Damaged status Not for loan Collection Home library Current library Date acquired Total Checkouts Full call number Barcode Date due Date last seen Date last checked out Price effective from Koha item type Total Renewals
        CRC Fr. Agnel's C.Rodrigues College of Engineering AGNEL TECHNICAL COLLEGE LIBRARY 17/03/2023 2 4.1 MIS 15928   04/02/2026 12/01/2026 17/03/2023 BOOK 1
        CRC Fr. Agnel's C.Rodrigues College of Engineering Fr. Agnel's C.Rodrigues College of Engineering 17/03/2023 1 4.1 MIS 15927 23/09/2024 25/06/2024 25/06/2024 17/03/2023 BOOK  
        CRC Fr. Agnel's C.Rodrigues College of Engineering Fr. Agnel's C.Rodrigues- College of Engineering 17/03/2023 1 4.1 MIS 15929 17/10/2021 12/06/2023 12/06/2023 17/03/2023 BOOK